Legislacin̤ para el desarrollo rural una visin̤ de conjunto /

Detalles Bibliográficos
Autor principal: Rangel Faz, Gabriela
Otros Autores: Menňdez Gm̀iz, Carlos R.
Formato: eBook
Lenguaje:español
Publicado: Ciudad de Mx̌ico: Cm̀ara de Diputados, 2007
Materias:
Acceso en línea:Acceso restringido

MARC

LEADER 00000nam a22000007a 4500
005 20180320214622.0
007 cr|||| ||||
008 180320s2007 mx |||||s|||| 00||0 spa d
020 |a 970-95143-7-7 
035 |a 21115 
040 |a vLex 
090 |c 7519  |d 7519 
100 1 |a Rangel Faz, Gabriela 
245 1 0 |a Legislacin̤ para el desarrollo rural  |h [Recurso electrn̤ico] :  |b una visin̤ de conjunto /  |c Gabriela Rangel Faz, Carlos R. Menňdez Gm̀iz 
256 |a Servicio en ln̕ea 
260 |a Ciudad de Mx̌ico:  |b Cm̀ara de Diputados,  |c 2007 
300 |a 1 recurso electrn̤ico 
506 1 |a Disponible solo en los productos indicados  |d vLex Global  |d vLex Global (Academic Edition, excluding Law Schools)  |d vLex Global (U.S. Academic Edition, Law Schools)  |d vLex Global (U.S. Academic Edition, excluding Law Schools)  |d vLex Global (Academic Edition, Law Schools) 
650 0 4 |a Derecho Pb︢lico y Administrativo  |z Mx̌ico 
700 1 |a Menňdez Gm̀iz, Carlos R. 
740 0 |a vLex Libros (Servicio en ln̕ea) 
856 4 0 |u http://vlex.com/source/legislacion-desarrollo-rural-21115  |z Acceso restringido 
942 |c BOOK 
999 0 |a Public and Administrative Law